Selling personal property at auction (Record no. 115252)

MARC details
000 -LEADER
fixed length control field 01283cad a2200265 4500
001 - CONTROL NUMBER
control field L158297
008 - FIXED-LENGTH DATA ELEMENTS--GENERAL INFORMATION
fixed length control field 050125n2014 000 0 eng u
020 ## - INTERNATIONAL STANDARD BOOK NUMBER
International Standard Book Number 9781783210862
035 ## - SYSTEM CONTROL NUMBER
System control number (Sirsi) u158297
041 0# - LANGUAGE CODE
Language code of text/sound track or separate title eng
050 04 - LIBRARY OF CONGRESS CALL NUMBER
Classification number 380.1 $2 18
110 2# - MAIN ENTRY--CORPORATE NAME
Corporate name or jurisdiction name as entry element Royal Institution of Chartered Surveyors
9 (RLIN) 4900
245 00 - TITLE STATEMENT
Title Selling personal property at auction
Remainder of title RICS guidance note
Medium [electronic resource]
250 ## - EDITION STATEMENT
Edition statement 2nd edition
260 ## - PUBLICATION, DISTRIBUTION, ETC.
Place of publication, distribution, etc. London
Name of publisher, distributor, etc. RICS
Date of publication, distribution, etc. 2014
490 #0 - SERIES STATEMENT
Series statement RICS Guidance Note
505 0# - FORMATTED CONTENTS NOTE
Formatted contents note RICS professional guidance -- Chair's introduction -- Before the sale -- Pre-auction -- The sale -- After the sale -- Post-auction -- Property governed by special statues -- Conditions of business -- Statutes -- Cataloguing practice -- Legal responsibilities.
520 ## - SUMMARY, ETC.
Summary, etc. Details best practice for members conducting auctions of antiques, fine art and chattels globally. Covers what needs to be done before, during and after a sale. Supersedes 1st ed. L128593.
651 #4 - SUBJECT ADDED ENTRY--GEOGRAPHIC NAME
Geographic name International
690 ## - LOCAL SUBJECT ADDED ENTRY--TOPICAL TERM (OCLC, RLIN)
Topical term or geographic name as entry element Arts and Antiques
9 (RLIN) 6217
700 1# - ADDED ENTRY--PERSONAL NAME
Personal name Farren-Bradley, Alice
856 41 - ELECTRONIC LOCATION AND ACCESS
Uniform Resource Identifier <a href="https://www.rics.org/profession-standards/knowledge-and-information-services/document-delivery-and-o">https://www.rics.org/profession-standards/knowledge-and-information-services/document-delivery-and-o</a>
Public note email [email protected] to request a copy
942 ## - ADDED ENTRY ELEMENTS (KOHA)
Suppress in OPAC 0
Holdings
Withdrawn status Lost status Source of classification or shelving scheme Damaged status Not for loan Home library Current library Shelving location Date acquired Total Checkouts Full call number Barcode Date last seen Copy number Price effective from Koha item type
    Dewey Decimal Classification     Virtual Virtual Online 01/12/2014   ONLINE PUBLICATION 158297-2001 06/08/2019 1 06/08/2019 Book